[Event "62nd ch-IND 2025"]
[Site "Guntur IND"]
[Date "2025.09.27"]
[Round "7.35"]
[White "Challa Saharsha"]
[Black "Setumadhav, Yellumahanthi"]
[Result "1-0"]
[BlackTitle "FM"]
[WhiteElo "2014"]
[BlackElo "2230"]
[WhiteFideId "25168525"]
[BlackFideId "25920669"]
[EventDate "2025.09.21"]

1. e4 e6 2. d4 d5 3. Nc3 Nf6 4. Bg5 dxe4 5. Nxe4 Be7 6. Bxf6 gxf6 7. Nf3 f5 8.
Ned2 Nd7 9. c3 a6 10. Qe2 c6 11. g3 b5 12. Bg2 Bb7 13. O-O Qc7 14. b4 O-O-O 15.
Rfc1 h5 16. c4 h4 17. cxb5 axb5 18. a4 Bxb4 19. axb5 c5 20. dxc5 Nxc5 21. Nb3
hxg3 22. hxg3 Kb8 23. Qc4 Qb6 24. Qf4+ Rd6 25. Nxc5 Bxc5 26. Ne5 Rhd8 27. Bxb7
Kxb7 28. Nc4 Rd4 29. Qf3+ 1-0

[Event "62nd ch-IND 2025"]
[Site "Guntur IND"]
[Date "2025.09.27"]
[Round "7.36"]
[White "Utkrisht Tuli"]
[Black "Arnav, Agrawal"]
[Result "1/2-1/2"]
[WhiteElo "2006"]
[BlackElo "2191"]
[WhiteFideId "25693506"]
[BlackFideId "48779857"]
[EventDate "2025.09.21"]

1. d4 Nf6 2. c4 g6 3. g3 Bg7 4. Bg2 O-O 5. Nc3 d6 6. Nf3 Nc6 7. O-O a6 8. b3 Rb8
9. d5 Na5 10. Bg5 h6 11. Bd2 c5 12. dxc6 Nxc6 13. Qc1 Kh7 14. Rd1 Be6 15. c5 Rc8
16. Qa3 d5 17. Be3 Bg4 18. h3 Bxf3 19. exf3 e6 20. f4 Ng8 21. Rac1 Qc7 22. Ne2
Nge7 23. Bd2 a5 24. Qa4 Rb8 25. Bc3 b5 26. cxb6 Qxb6 27. Bxg7 Kxg7 28. Qa3 Rfc8
29. Rd3 Nb4 30. Qb2+ Kg8 31. Rdc3 Rxc3 32. Rxc3 Nf5 33. a3 Nc6 34. Bf3 Na7 35.
a4 Nc6 36. Kg2 Nfd4 37. Nxd4 Qxd4 38. Qc1 Nb4 39. Qe3 Qxe3 40. fxe3 g5 41. Be2
Kg7 42. Kf2 Kf6 43. Rc7 gxf4 44. gxf4 d4 45. e4 e5 46. f5 d3 47. Bd1 Nc2 48. h4
Kg7 49. Bh5 Rf8 50. Rc3 Rd8 51. Rc7 Rf8 52. Rc5 Nb4 53. Rxe5 d2 54. Rc5 1/2-1/2

[Event "62nd ch-IND 2025"]
[Site "Guntur IND"]
[Date "2025.09.27"]
[Round "7.37"]
[White "Navalgund, Niranjan"]
[Black "Shreyash, Shuvam Patnaik"]
[Result "1-0"]
[WhiteTitle "FM"]
[WhiteElo "2185"]
[BlackElo "1978"]
[WhiteFideId "5030854"]
[BlackFideId "35047272"]
[EventDate "2025.09.21"]

1. d4 Nf6 2. Nf3 e6 3. c4 d5 4. Nc3 c5 5. cxd5 cxd4 6. Qxd4 exd5 7. Bg5 Be7 8.
e3 Nc6 9. Qa4 O-O 10. Be2 Qb6 11. Qb5 Qxb5 12. Bxb5 Be6 13. O-O h6 14. Bh4 g5
15. Bg3 Nh5 16. Rfd1 Nxg3 17. hxg3 Rfd8 18. Ne2 a6 19. Ba4 Rac8 20. Nfd4 Bf6 21.
Rac1 Nxd4 22. Nxd4 Rxc1 23. Rxc1 Rc8 24. Rd1 Bxd4 25. exd4 b5 26. Bb3 a5 27. a4
bxa4 28. Bxa4 Rc4 29. b3 Rc2 30. Kf1 Bg4 31. f3 Be6 32. g4 Kg7 33. Kg1 Kg6 34.
Kh2 h5 35. gxh5+ Kxh5 36. Ra1 Rd2 37. Bc6 Rxd4 38. Rxa5 Rh4+ 39. Kg1 Rb4 40. Rb5
Rd4 41. b4 g4 42. Kf2 Rd2+ 43. Kg3 Kg5 44. Rb8 d4 45. b5 gxf3 46. gxf3 Bc4 47.
b6 Bf1 48. f4+ Kf5 49. Ra8 1-0

[Event "62nd ch-IND 2025"]
[Site "Guntur IND"]
[Date "2025.09.27"]
[Round "7.38"]
[White "Majumder Shrayan"]
[Black "Vivaan Sardana"]
[Result "1/2-1/2"]
[WhiteElo "2161"]
[BlackElo "2008"]
[WhiteFideId "45040419"]
[BlackFideId "33397694"]
[EventDate "2025.09.21"]

1. e4 c6 2. Nf3 d5 3. exd5 cxd5 4. Ne5 Nc6 5. Bb5 Bd7 6. Nxd7 Qxd7 7. d4 a6 8.
Be2 Nf6 9. c3 e6 10. Bf4 Bd6 11. Bxd6 Qxd6 12. Nd2 O-O 13. O-O b5 14. a3 Rab8
15. Bd3 a5 16. Nb3 e5 17. dxe5 Qxe5 18. Re1 Qd6 19. h3 b4 20. cxb4 axb4 21. a4
Ra8 22. Bb5 Rfd8 23. Nd4 Na7 24. Bd3 g6 25. Qf3 Nd7 26. Nb5 Nxb5 27. Bxb5 Nc5
28. Red1 d4 29. Rd2 Qe5 30. Rad1 Kg7 31. b3 Ra7 32. Re2 1/2-1/2

[Event "62nd ch-IND 2025"]
[Site "Guntur IND"]
[Date "2025.09.27"]
[Round "7.39"]
[White "Mohota, Nisha"]
[Black "Singh, Pritam"]
[Result "1/2-1/2"]
[WhiteTitle "IM"]
[WhiteElo "2153"]
[BlackElo "1933"]
[WhiteFideId "5004330"]
[BlackFideId "5001218"]
[EventDate "2025.09.21"]

1. e4 e6 2. d4 d5 3. Nc3 Nf6 4. e5 Nfd7 5. f4 c5 6. Nf3 Nc6 7. Be3 a6 8. a3 b5
9. dxc5 Nxc5 10. b4 Nd7 11. Bd3 Be7 12. Nd4 Bb7 13. O-O Nxd4 14. Bxd4 g6 15. Qg4
Nb6 16. Rf3 Nc4 17. Rh3 Qc7 18. Kh1 Bc6 19. Qe2 a5 20. Bxc4 dxc4 21. Ne4 Bxe4
22. Qxe4 O-O 23. Qe3 f5 24. Bb6 Qc6 25. Bxa5 Bd8 26. Bxd8 Rfxd8 27. Rf3 Rd7 28.
h3 Rad8 29. Re1 Rd4 30. Kh2 Qd5 31. Rf2 h6 32. h4 Rd7 33. Ree2 Kg7 34. Rf3 Re4
35. Qf2 Rd4 36. Qg3 Kh7 37. Qf2 Kg7 38. Qg3 Kh7 39. Qf2 1/2-1/2

[Event "62nd ch-IND 2025"]
[Site "Guntur IND"]
[Date "2025.09.27"]
[Round "7.40"]
[White "Agnivo Chakraborty"]
[Black "Haridev S"]
[Result "1-0"]
[WhiteElo "1983"]
[BlackElo "2147"]
[WhiteFideId "25943570"]
[BlackFideId "25957180"]
[EventDate "2025.09.21"]

1. e4 c5 2. Nf3 d6 3. d4 cxd4 4. Nxd4 Nf6 5. Nc3 a6 6. Bc4 e6 7. a4 Nc6 8. O-O
Be7 9. Be3 Qc7 10. Qe2 Ne5 11. Bb3 Neg4 12. Bd2 d5 13. Nf3 dxe4 14. Nxe4 Nxe4
15. Qxe4 Nf6 16. Qe5 Qxe5 17. Nxe5 Ne4 18. Be3 Nc5 19. Rfd1 f6 20. Nc4 e5 21.
Ba2 Bf5 22. Nb6 Rb8 23. b4 Ne4 24. Nd5 Rc8 25. c4 a5 26. f3 Nd6 27. c5 Nf7 28.
g4 Bg6 29. Nxe7 Kxe7 30. b5 Rhd8 31. Bd5 Rc7 32. c6 bxc6 33. Bc5+ Nd6 34. Bxc6
Ke6 35. Bb6 Rxc6 36. bxc6 Rc8 37. Rac1 Be8 38. c7 Bxa4 39. Rd2 Bb3 40. Bxa5 Ba4
41. Rb1 Bc6 42. Rb8 Bd7 43. Rb6 1-0

[Event "62nd ch-IND 2025"]
[Site "Guntur IND"]
[Date "2025.09.27"]
[Round "7.41"]
[White "Sangma, Rahul"]
[Black "Shreyas"]
[Result "1-0"]
[WhiteTitle "IM"]
[WhiteElo "2122"]
[BlackElo "1911"]
[WhiteFideId "5013615"]
[BlackFideId "33367469"]
[EventDate "2025.09.21"]

1. Nf3 Nf6 2. c4 e6 3. Nc3 d5 4. e3 Bd6 5. Qc2 c6 6. b3 O-O 7. Bb2 e5 8. cxd5
cxd5 9. Nb5 Nc6 10. Nxd6 Qxd6 11. Bb5 e4 12. Nd4 Nb4 13. Qd1 Bd7 14. Be2 Rac8
15. O-O Na6 16. f4 exf3 17. Rxf3 Ng4 18. Rg3 Ne5 19. Qf1 Nc5 20. Nf5 Bxf5 21.
Qxf5 Ng6 22. Ba3 Qd8 23. Bf3 Qa5 24. Bxd5 Rc7 25. Bb2 Qxd2 26. Bd4 Ne6 27. Bxe6
Rc1+ 28. Rxc1 Qxc1+ 29. Qf1 Qxf1+ 30. Kxf1 fxe6+ 31. Ke2 a6 32. a4 Rc8 33. Kd3
e5 34. Bb2 Kf7 35. Ke4 Rc5 36. h4 Nxh4 37. Bxe5 g6 38. Rh3 Nxg2 39. Rxh7+ Ke6
40. Bd4 Rh5 41. Rxb7 a5 42. Rb6+ 1-0

[Event "62nd ch-IND 2025"]
[Site "Guntur IND"]
[Date "2025.09.27"]
[Round "7.42"]
[White "Aarit Kapil"]
[Black "Arhan Jain"]
[Result "1-0"]
[WhiteTitle "CM"]
[WhiteElo "2119"]
[BlackElo "1794"]
[WhiteFideId "33408947"]
[BlackFideId "33397686"]
[EventDate "2025.09.21"]

1. e4 c5 2. Nf3 e6 3. c3 Nf6 4. e5 Nd5 5. d4 cxd4 6. cxd4 Nc6 7. Nc3 d6 8. Bb5
Be7 9. O-O O-O 10. Nxd5 exd5 11. Qb3 Bg4 12. exd6 Bxd6 13. Bxc6 bxc6 14. Ne5 Bd7
15. Qg3 f6 16. Bh6 Qe7 17. Bxg7 Qxg7 18. Qxg7+ Kxg7 19. Nxd7 Rfd8 20. Nc5 Bxc5
21. dxc5 Rab8 22. b3 Rb5 23. Rac1 Re8 24. Rc2 d4 25. g3 d3 26. Rd2 Rxc5 27. Rxd3
Rc2 28. Rd7+ Kg6 29. Rxa7 Ree2 30. a4 Rb2 31. Rb7 c5 32. Rb5 Rec2 33. a5 Ra2 34.
Kg2 c4 35. b4 Rcb2 36. Kf3 c3 37. Ke3 Re2+ 38. Kd3 Red2+ 39. Kc4 c2 40. Rd5 Rxd5
41. Kxd5 Rb2 42. Rc1 Rxb4 43. Rxc2 Ra4 44. Rc5 Ra2 45. Kc6 Rxf2 46. a6 Rxh2 47.
a7 Ra2 48. Kb6 Rxa7 49. Kxa7 f5 50. Rc4 1-0

[Event "62nd ch-IND 2025"]
[Site "Guntur IND"]
[Date "2025.09.27"]
[Round "7.43"]
[White "Umashankar A"]
[Black "Vijay, Shreeram P"]
[Result "1-0"]
[WhiteElo "1971"]
[BlackElo "2118"]
[WhiteFideId "35009931"]
[BlackFideId "35009974"]
[EventDate "2025.09.21"]

1. e4 e5 2. Nf3 Nc6 3. c3 d5 4. Qa4 Bd7 5. exd5 Nd4 6. Qd1 Nxf3+ 7. Qxf3 Nf6 8.
Bc4 e4 9. Qe2 Qe7 10. Na3 O-O-O 11. O-O Bg4 12. Qe3 Qc5 13. d4 exd3 14. Qxd3
Nxd5 15. b4 Qd6 16. Qd4 Qg6 17. Bxd5 Bf3 18. Bxf3 Rxd4 19. cxd4 Bxb4 20. Rb1 a5
21. Rb3 Rd8 22. Be3 f5 23. d5 Qf6 24. Nb5 f4 25. Bd4 Qf5 26. Rc1 Rd7 27. h3 h5
28. a3 Bd2 29. Rd1 a4 30. Na7+ Kb8 31. Rb2 Bc3 32. Nc6+ Kc8 33. Bxc3 bxc6 34.
Rdb1 Rd6 35. dxc6 Kd8 36. Re1 Re6 37. Rb8+ Ke7 38. Bb4+ 1-0

[Event "62nd ch-IND 2025"]
[Site "Guntur IND"]
[Date "2025.09.27"]
[Round "7.44"]
[White "Malvin Joshua"]
[Black "Nirvan Bhamidi"]
[Result "1/2-1/2"]
[WhiteElo "1966"]
[BlackElo "2098"]
[WhiteFideId "33417873"]
[BlackFideId "33386722"]
[EventDate "2025.09.21"]

1. d4 Nf6 2. Bg5 e6 3. e4 h6 4. Bxf6 Qxf6 5. Nc3 Bb4 6. Qd2 Nc6 7. O-O-O d6 8.
f3 e5 9. dxe5 dxe5 10. Nge2 Be6 11. Qe3 Qg5 12. Qxg5 hxg5 13. Nd5 Ba5 14. Ng3
Ne7 15. Bc4 Rd8 16. Bb3 c6 17. Nxe7 Kxe7 18. Bxe6 Kxe6 19. Rxd8 Bxd8 20. Kd2 g6
21. Ke2 Bb6 22. h3 Bd4 23. c3 Bc5 24. Rd1 Bb6 25. Nf1 f5 26. Nd2 Rh4 27. a4 g4
28. hxg4 fxg4 29. Nf1 g5 30. g3 gxf3+ 31. Kxf3 Rh1 32. Ne3 Rh2 33. Nf5 Bc7 34.
b4 1/2-1/2

[Event "62nd ch-IND 2025"]
[Site "Guntur IND"]
[Date "2025.09.27"]
[Round "7.45"]
[White "Gade Sharanya"]
[Black "Alluri Bhaskara Ratna Shanmukha Reddy"]
[Result "1-0"]
[WhiteElo "1788"]
[BlackElo "2097"]
[WhiteFideId "25925253"]
[BlackFideId "33325855"]
[EventDate "2025.09.21"]

1. d4 Nf6 2. c4 g6 3. Nc3 Bg7 4. e4 d6 5. Be2 O-O 6. Nf3 Nbd7 7. Be3 c5 8. h3
cxd4 9. Nxd4 Nc5 10. Qc2 a6 11. O-O e5 12. Nf3 Qe7 13. Rfd1 Bd7 14. Bg5 Bc6 15.
b4 Ne6 16. Bh4 Rac8 17. a4 b6 18. b5 Ba8 19. a5 bxa5 20. Rxa5 Nc5 21. Bxf6 Bxf6
22. bxa6 Qc7 23. Ra3 Bd8 24. Nd2 Ne6 25. Nb3 Qb6 26. Rb1 Bc6 27. Qa2 Qa7 28. Nb5
Bxb5 29. cxb5 Bb6 30. Bg4 Rc3 31. Na5 Rxa3 32. Qxa3 Bxf2+ 33. Kh1 Qd4 34. Qb4
Qe3 35. Nc4 Qg3 36. Qb3 Qh4 37. Bxe6 fxe6 38. Nd2 Qf4 39. Qxe6+ Kg7 40. Qxd6 Bd4
41. Rf1 Rf6 42. Qxf6+ Qxf6 43. Rxf6 Kxf6 44. Nc4 Ke6 45. b6 Kd7 46. a7 1-0

[Event "62nd ch-IND 2025"]
[Site "Guntur IND"]
[Date "2025.09.27"]
[Round "7.46"]
[White "Vignesh, N R"]
[Black "Sravyasree Bheemarasetty"]
[Result "0-1"]
[WhiteTitle "GM"]
[WhiteElo "2516"]
[BlackElo "1977"]
[WhiteFideId "25012215"]
[BlackFideId "33414220"]
[EventDate "2025.09.21"]

1. e4 e5 2. Nf3 Nc6 3. Bb5 a6 4. Ba4 Nf6 5. d3 d6 6. O-O g6 7. c4 Bg7 8. Nc3 O-O
9. h3 Nd4 10. Nxd4 exd4 11. Ne2 Nd7 12. Bf4 Nc5 13. Bc2 a5 14. Qd2 f5 15. Bh2 c6
16. Rae1 Be6 17. exf5 Bxf5 18. Ng3 Be6 19. Ne4 Nxe4 20. Rxe4 Bf7 21. Rfe1 d5 22.
cxd5 Bxd5 23. Bb3 Bxb3 24. axb3 Qd5 25. Qc2 Rf5 26. Bg3 Qc5 27. Re8+ Rxe8 28.
Rxe8+ Kf7 29. Qe2 Bf8 30. Qe6+ Kg7 31. Be5+ Kh6 32. f4 Qc1+ 33. Kh2 Qe3 34. Qd7
Rxe5 35. Rxf8 Re7 36. Qd6 Re6 37. Qc5 Kg7 0-1

[Event "62nd ch-IND 2025"]
[Site "Guntur IND"]
[Date "2025.09.27"]
[Round "7.47"]
[White "Sahu, Sekhar Chandra"]
[Black "Srihari, L"]
[Result "0-1"]
[WhiteTitle "IM"]
[BlackTitle "IM"]
[WhiteElo "1980"]
[BlackElo "2373"]
[WhiteFideId "5000157"]
[BlackFideId "46642056"]
[EventDate "2025.09.21"]

1. e4 c5 2. Nf3 d6 3. d4 cxd4 4. Nxd4 Nf6 5. Nc3 g6 6. Be3 Nc6 7. f3 h5 8. Nxc6
bxc6 9. Bc4 Bg7 10. e5 Nh7 11. exd6 exd6 12. O-O O-O 13. Bd4 Nf6 14. Re1 a5 15.
Qd2 Rb8 16. Rad1 Bf5 17. b3 d5 18. Bf1 Nd7 19. Bxg7 Kxg7 20. Na4 Rb4 21. c4 Be6
22. cxd5 cxd5 23. Qf2 Qc7 24. Rd4 Rfb8 25. Qe3 Kh7 26. Red1 Rc8 27. Ba6 Re8 28.
Rxb4 axb4 29. Bb5 Rb8 30. Bxd7 Qxd7 31. Qd4 Qc6 32. Nc5 Rb5 33. Rc1 Bf5 34. h3
Qd6 35. Ne4 Bxe4 36. Rc8 f6 37. Qa7+ Kh6 38. Rh8+ Kg5 39. Qe3+ Qf4 40. h4+ Kf5
41. Qa7 Qd6 42. fxe4+ dxe4 43. Qf2+ Qf4 44. Qd4 Qc1+ 45. Kh2 Qc7+ 46. Kh1 Re5
47. Qf2+ Kg4 48. Qxf6 Qc1+ 49. Kh2 Qf4+ 50. Qxf4+ Kxf4 51. Kg1 Ke3 52. Rb8 Kd2
53. Rxb4 e3 54. Rd4+ Kc3 55. Rc4+ Kd3 56. Kf1 e2+ 0-1

[Event "62nd ch-IND 2025"]
[Site "Guntur IND"]
[Date "2025.09.27"]
[Round "7.48"]
[White "Rahul Ramakrishnan"]
[Black "Neelotpal, Das"]
[Result "1/2-1/2"]
[BlackTitle "GM"]
[WhiteElo "1976"]
[BlackElo "2371"]
[WhiteFideId "25146270"]
[BlackFideId "5003512"]
[EventDate "2025.09.21"]

1. d4 Nf6 2. c4 e6 3. Nc3 Bb4 4. e3 O-O 5. Bd3 d5 6. a3 Bxc3+ 7. bxc3 dxc4 8.
Bxc4 c5 9. Nf3 Qc7 10. Be2 Rd8 11. O-O Nc6 12. Qc2 e5 13. Bb2 e4 14. Nd2 Bf5 15.
Nb3 cxd4 16. cxd4 Nd5 17. Rac1 Qe7 18. Nd2 Bg6 19. Qb3 Rab8 20. Rc5 Qe6 21. Rfc1
Nce7 22. R5c2 f6 23. a4 Bf7 24. Ba3 Nc6 25. Qb2 f5 26. Bc4 Qg6 27. g3 h5 28. Ba2
h4 29. Rc5 hxg3 30. hxg3 Be6 31. Rb5 1/2-1/2

[Event "62nd ch-IND 2025"]
[Site "Guntur IND"]
[Date "2025.09.27"]
[Round "7.50"]
[White "Jagesia Daksh"]
[Black "Swarna Nihal"]
[Result "1-0"]
[BlackTitle "FM"]
[WhiteElo "1975"]
[BlackElo "2305"]
[WhiteFideId "25670956"]
[BlackFideId "25683640"]
[EventDate "2025.09.21"]

1. Nf3 c5 2. c4 Nc6 3. Nc3 g6 4. e3 Nf6 5. d4 cxd4 6. exd4 d5 7. cxd5 Nxd5 8.
Qb3 Nxc3 9. Bc4 e6 10. bxc3 Bd7 11. Bd3 Na5 12. Qc2 Rc8 13. O-O Bg7 14. Ba3 Bf8
15. Bb2 Bg7 16. Ba3 Bf8 17. Bb2 Be7 18. Ne5 O-O 19. Qe2 Nc6 20. f4 Nxe5 21. fxe5
a6 22. c4 Bc6 23. Rad1 Qd7 24. Bc2 b5 25. c5 Bd5 26. Bd3 f6 27. Bc3 fxe5 28.
Qxe5 Qc7 29. Qe3 Qc6 30. Qg3 Bf6 31. Bb1 Rf7 32. h4 Be4 33. Rxf6 Rxf6 34. Qe5
Bxb1 35. Qxf6 Rf8 36. d5 Rxf6 37. dxc6 1-0

[Event "62nd ch-IND 2025"]
[Site "Guntur IND"]
[Date "2025.09.27"]
[Round "7.51"]
[White "Tarun V"]
[Black "Alekhya, Mukhopadhyay"]
[Result "1-0"]
[WhiteElo "1975"]
[BlackElo "2264"]
[WhiteFideId "45024839"]
[BlackFideId "25600826"]
[EventDate "2025.09.21"]

1. e4 c5 2. Nf3 e6 3. c4 Nc6 4. Nc3 Nf6 5. d4 cxd4 6. Nxd4 Bb4 7. Nxc6 bxc6 8.
Bd3 e5 9. O-O O-O 10. Qc2 h6 11. a3 Bc5 12. b4 Bd4 13. Rb1 d5 14. exd5 cxd5 15.
Nb5 dxc4 16. Bxc4 Bb7 17. Nxd4 Qxd4 18. Bb2 Qf4 19. Qe2 Rac8 20. Rbc1 Rfe8 21.
f3 Rcd8 22. Rfd1 Rxd1+ 23. Rxd1 e4 24. fxe4 Ng4 25. Bxf7+ Qxf7 26. Qxg4 Rxe4 27.
Qxg7+ Qxg7 28. Bxg7 Rg4 29. Bxh6 Bxg2 30. Kf2 Be4 31. Rg1 Rxg1 32. Kxg1 Kf7 33.
Kf2 Ke6 34. Ke3 Kd5 35. h4 Bg6 36. Bf8 Kc4 37. Bc5 a6 38. Kf4 Kd5 39. Kg5 Bc2
40. h5 Ke6 41. h6 Kf7 42. Bd4 Kg8 43. Kf6 Kh7 44. Be3 Bd1 45. Ke5 Bb3 46. Kd6
Kg6 47. Kc5 Ba4 48. Kb6 Bb5 49. a4 Bd3 50. b5 axb5 51. axb5 Kf7 52. Kc6 Be4+ 53.
Kc7 1-0

[Event "62nd ch-IND 2025"]
[Site "Guntur IND"]
[Date "2025.09.27"]
[Round "7.52"]
[White "Nandish V S"]
[Black "Atiksh Thakur"]
[Result "0-1"]
[WhiteTitle "CM"]
[WhiteElo "2252"]
[BlackElo "1964"]
[WhiteFideId "45084297"]
[BlackFideId "33478902"]
[EventDate "2025.09.21"]

1. c4 e6 2. Nf3 d5 3. g3 dxc4 4. Qa4+ Nd7 5. Qxc4 a6 6. Bg2 b5 7. Qc2 Bb7 8. d4
c5 9. O-O Rc8 10. dxc5 Bxc5 11. Qb3 Ngf6 12. Nc3 O-O 13. Bf4 Qb6 14. a4 e5 15.
Bg5 e4 16. Nh4 b4 17. a5 Qe6 18. Qxe6 fxe6 19. Na4 Ba7 20. Bh3 Kf7 21. Ng2 Rfd8
22. Rfd1 Bc6 23. Nf4 Nf8 24. Nb6 Rxd1+ 25. Rxd1 Bxb6 26. axb6 Rb8 27. Rd6 Rxb6
28. Nxe6 Ke7 29. Bf4 Ne8 30. Rxc6 Rxc6 31. Bg5+ Nf6 32. Nxg7 Kf7 33. Nf5 Ne6 34.
Bd2 a5 35. Nh6+ Kf8 36. Kg2 Nd4 37. Nf5 Nxf5 38. Bxf5 Rc2 39. Be3 h5 40. Bd4 Kf7
41. Kf1 a4 42. h3 Rc4 43. e3 a3 44. bxa3 bxa3 45. g4 hxg4 46. hxg4 Rxd4 0-1

[Event "62nd ch-IND 2025"]
[Site "Guntur IND"]
[Date "2025.09.27"]
[Round "7.53"]
[White "Pattnayak, Nilsu"]
[Black "Badamundi, Tapan"]
[Result "1-0"]
[WhiteElo "2202"]
[BlackElo "1973"]
[WhiteFideId "35043943"]
[BlackFideId "46623574"]
[EventDate "2025.09.21"]

1. e4 e6 2. d4 d5 3. Nc3 Nf6 4. e5 Nfd7 5. f4 c5 6. Nf3 Nc6 7. Be3 a6 8. h4 Be7
9. h5 b5 10. Ne2 Qc7 11. Kf2 f6 12. c3 O-O 13. Kg1 Qb6 14. Bf2 b4 15. Ng3 bxc3
16. bxc3 cxd4 17. cxd4 Rb8 18. Rc1 Ba3 19. Rc2 Re8 20. h6 g6 21. exf6 Nxf6 22.
Ne5 Ne7 23. Qf3 Bd6 24. Bd3 Bd7 25. Nh5 Nxh5 26. Nxd7 Qb7 27. Nxb8 Nxf4 28. g3
Nxd3 29. Qxd3 Qxb8 30. Kg2 Qb7 31. Re2 Nc6 32. Rhe1 Nd8 33. Rb1 Qa7 34. Be1 Bf8
35. Bd2 Nf7 36. Rf1 Nd6 37. Bb4 Qb6 38. Bc5 Qc6 39. Bxd6 Qxd6 40. Qf3 Qd7 41.
Qf4 Bd6 42. Qf6 Bf8 43. Qf4 Bd6 44. Qg4 Bf8 45. Rf6 Bxh6 46. Rfxe6 Rd8 47. Qh4
Bg7 48. Re7 Qd6 49. R2e6 Qb4 50. Rxg7+ Kxg7 51. Re7+ Kg8 52. Qxh7+ Kf8 53. Qf7# 1-0

[Event "62nd ch-IND 2025"]
[Site "Guntur IND"]
[Date "2025.09.27"]
[Round "7.54"]
[White "Sharma, Dinesh K."]
[Black "Premshankar B U"]
[Result "1/2-1/2"]
[WhiteTitle "IM"]
[WhiteElo "2192"]
[BlackElo "1944"]
[WhiteFideId "5004110"]
[BlackFideId "25955489"]
[EventDate "2025.09.21"]

1. d4 Nf6 2. c4 e6 3. Nc3 Bb4 4. e3 O-O 5. Bd3 d5 6. Nf3 c5 7. O-O dxc4 8. Bxc4
b6 9. dxc5 Bxc5 10. a3 Bb7 11. b4 Be7 12. Bb2 a5 13. Qxd8 Rxd8 14. b5 Bxf3 15.
gxf3 Nbd7 16. Na4 Nc5 17. Nxc5 Bxc5 18. Rfd1 Kf8 19. Kf1 Ke7 20. Ke2 Rxd1 21.
Rxd1 Rd8 22. Rg1 g6 23. h3 Rc8 24. Bb3 Ne8 25. Rc1 Nd6 26. a4 Rd8 27. Rd1 Nb7
28. Rc1 Nd6 29. Rd1 Nb7 30. Rc1 Nd6 1/2-1/2

[Event "62nd ch-IND 2025"]
[Site "Guntur IND"]
[Date "2025.09.27"]
[Round "7.55"]
[White "Naveen K S"]
[Black "Shadhursshaan R"]
[Result "1-0"]
[BlackTitle "CM"]
[WhiteElo "1974"]
[BlackElo "2125"]
[WhiteFideId "25698257"]
[BlackFideId "45024138"]
[EventDate "2025.09.21"]

1. d4 Nf6 2. Nc3 d5 3. Bf4 a6 4. e3 h6 5. h3 c5 6. Nf3 Nc6 7. Be2 e6 8. Ne5 Nxe5
9. Bxe5 Nd7 10. Bg3 b5 11. Bf3 Bb7 12. O-O Qb6 13. Re1 Be7 14. dxc5 Qxc5 15. e4
d4 16. Ne2 e5 17. c3 dxc3 18. Nxc3 Rd8 19. Nd5 O-O 20. Rc1 Qd6 21. Nxe7+ Qxe7
22. Rc7 Qb4 23. Re2 Nc5 24. Qc2 Rc8 25. a3 Qd4 26. Rd2 Qxd2 27. Qxd2 Rxc7 28.
Bxe5 Rd7 29. Qc3 Na4 30. Qe3 f6 31. Bg4 Rdd8 32. Bc7 Rde8 33. Bd6 Rxe4 34. Qb3+
Rf7 35. Be6 Rxe6 36. Qxe6 g6 37. Qe3 Nxb2 38. Qxh6 Rg7 39. Qe3 Rf7 40. Qe8+ Kg7
41. Bf4 Bd5 42. g4 Nd3 43. Be3 Ne5 44. f4 Nc4 45. Bd4 Nd2 46. Bxf6+ Rxf6 47.
Qd7+ Rf7 48. Qxd5 Nc4 49. Qd4+ 1-0

[Event "62nd ch-IND 2025"]
[Site "Guntur IND"]
[Date "2025.09.28"]
[Round "8.1"]
[White "Sasikiran, Krishnan"]
[Black "Sengupta, Deep"]
[Result "1-0"]
[WhiteTitle "GM"]
[BlackTitle "GM"]
[WhiteElo "2524"]
[BlackElo "2490"]
[WhiteFideId "5004985"]
[BlackFideId "5008352"]
[EventDate "2025.09.21"]

1. e4 e5 2. Nf3 Nc6 3. Bb5 a6 4. Ba4 Nf6 5. O-O d6 6. Re1 Bd7 7. c4 Bg4 8. d3
Nd7 9. Be3 Be7 10. Nbd2 Rb8 11. h3 Bxf3 12. Nxf3 O-O 13. a3 Nc5 14. Bxc6 bxc6
15. Bxc5 dxc5 16. Nxe5 Qd6 17. d4 Bf6 18. Nf3 Bxd4 19. e5 Qd8 20. Rb1 Rxb2 21.
Rxb2 Bxb2 22. Qc2 Bxa3 23. Ra1 Bb4 24. Rxa6 Qd7 25. Qe4 g6 26. Rxc6 Re8 27. Ra6
Bc3 28. Ra8 Rxa8 29. Qxa8+ Kg7 30. Qe4 Qe6 31. g4 f6 32. exf6+ Qxf6 33. Kg2 Bd4
34. h4 h5 35. g5 Qd6 36. Ng1 Qa6 37. Qe7+ Kg8 38. Qe8+ Kh7 39. Qf7+ Kh8 40. Ne2
Qc6+ 41. f3 Be5 42. Qf8+ Kh7 43. Qe7+ Bg7 44. Nf4 Qd6 45. Qf7 1-0

[Event "62nd ch-IND 2025"]
[Site "Guntur IND"]
[Date "2025.09.28"]
[Round "8.2"]
[White "Ayush, Sharma"]
[Black "Aronyak, Ghosh"]
[Result "1/2-1/2"]
[WhiteTitle "IM"]
[BlackTitle "IM"]
[WhiteElo "2457"]
[BlackElo "2514"]
[WhiteFideId "45010943"]
[BlackFideId "25072846"]
[EventDate "2025.09.21"]

1. e4 c6 2. d4 d5 3. e5 Bf5 4. Nf3 e6 5. Be2 c5 6. Be3 cxd4 7. Nxd4 Ne7 8. c4
Nbc6 9. Nc3 Nxd4 10. Bxd4 dxc4 11. Bxc4 Nc6 12. Bb5 Be7 13. O-O O-O 14. Bxc6
bxc6 15. Ne2 Qd5 16. Nc3 Qd8 17. Ne2 Qd5 18. Nc3 Qd8 19. Ne2 Qd5 1/2-1/2

[Event "62nd ch-IND 2025"]
[Site "Guntur IND"]
[Date "2025.09.28"]
[Round "8.3"]
[White "Ajay Santhosh Parvathareddy"]
[Black "Gupta, Abhijeet"]
[Result "0-1"]
[WhiteTitle "FM"]
[BlackTitle "GM"]
[WhiteElo "2482"]
[BlackElo "2511"]
[WhiteFideId "25998676"]
[BlackFideId "5010608"]
[EventDate "2025.09.21"]

1. d4 Nf6 2. c4 g6 3. Nc3 Bg7 4. e4 d6 5. h3 O-O 6. Be3 Na6 7. Be2 c6 8. Nf3 e5
9. d5 Nh5 10. O-O Nf4 11. Re1 Nxe2+ 12. Rxe2 c5 13. Qd2 Nc7 14. Bh6 Bd7 15. a4
Ne8 16. Bxg7 Nxg7 17. Qh6 f6 18. Ne1 f5 19. Nf3 Nh5 20. Ng5 Qe7 21. exf5 Rxf5
22. Nce4 Nf6 23. Nxf6+ Rxf6 24. Ra3 Rf4 25. Rg3 Bf5 26. b3 Qg7 27. Qxg7+ Kxg7
28. Rf3 Rd4 29. Rfe3 h6 30. Nf3 Rd1+ 31. Re1 Rxe1+ 32. Rxe1 g5 33. Nd2 Kf6 34.
f3 Ke7 35. Kf2 Rf8 36. Ke3 Kd7 37. g4 Bg6 38. Rh1 Rf4 39. h4 gxh4 40. Rxh4 h5
41. a5 Ke7 42. Rh2 hxg4 43. Rh4 Bf5 44. Rh8 gxf3 45. Nxf3 Re4+ 46. Kf2 Rf4 47.
Ke3 Rg4 48. Rb8 Rg3 49. Rxb7+ Kf6 50. Kf2 Rh3 51. Rb8 e4 52. Ng1 Rd3 53. Ne2 Bg4
54. Rf8+ Kg7 55. Re8 Rf3+ 56. Kg2 Rxb3 57. Ng3 Kf7 58. Ra8 Rb2+ 59. Kg1 e3 60.
Rxa7+ Kf6 61. Ra8 Rb1+ 62. Kh2 Rb2+ 63. Kg1 Rb1+ 64. Kh2 e2 65. Nxe2 Bxe2 66. a6
Bxc4 67. a7 Bxd5 68. Rd8 Ke5 0-1